00589naa#a2200169#i#4500001001600000005001700016011001400033100004100047102000700088200014900095210005200244215001000296608002700306675004000333700002400373856002200397EN\\bibl\12190320260601123327.1##a1998-6785##a20230321b2023####ek#y0engy0150####ca##aRU1#aThe influence of the national factor on the complex peasant household of the Saratov Volga region at the end of the XIX centuryeJournal article1#aVladivostokcVladivostok State Universityd2023##a8 с.##aJournal article2local##aВсеобщая история. 94#1aMelnikovgPavel Yu.4#aojkum.editorum.ru